China's National Development Strategies : understanding China / (Record no. 601675)

000 -LEADER
fixed length control field 00368nam a2200133Ia 4500
008 - FIXED-LENGTH DATA ELEMENTS--GENERAL INFORMATION
fixed length control field 230907s9999||||xx |||||||||||||| ||und||
082 ## - DEWEY DECIMAL CLASSIFICATION NUMBER
Classification number 338.9
Author Mark ZHO
100 ## - MAIN ENTRY--PERSONAL NAME
Personal name Zhongjie, Li.
245 #0 - TITLE STATEMENT
Title China's National Development Strategies : understanding China /
260 ## - PUBLICATION, DISTRIBUTION, ETC.
Place of publication, distribution, etc. Foreign Languages Press,
Date of publication, distribution, etc. 2019
300 ## - PHYSICAL DESCRIPTION
Extent 627 p.
650 ## - SUBJECT ADDED ENTRY--TOPICAL TERM
Topical term or geographic name entry element Chinese Studies
942 ## - ADDED ENTRY ELEMENTS (KOHA)
Koha item type Book
Holdings
Withdrawn status Lost status Damaged status Not for loan Permanent Location Current Location Date acquired Total Checkouts Full call number Barcode Date last seen Price effective from Koha item type
        US-Pakistan Center for Advanced Studies in Energy (USPCAS-E) US-Pakistan Center for Advanced Studies in Energy (USPCAS-E) 12/09/2021   338.9 ZHO CAS-ED000065 09/12/2023 09/12/2023 Book
© 2023 Central Library, National University of Sciences and Technology. All Rights Reserved.